000 01115nam a2200241Ia 4500
001 938-STO ci (17323)
003 IT-MiSPE
008 171229s9999||||xx |||||||||||||| ||und||
040 _aIT-MiSPE
_cIT-MiSPE
041 _aITALIANO
100 _aGiuseppe Nenci
245 0 _aStoria e civiltà dei Greci
_bII/3. La Grecia nell'età di Pericle: Storia, letteratura, filosofia
250 _a1a ed. (v)
260 _aMilano
_bBompiani
_c1989
300 _aXIII, 457 p. [10 v.]
_c20 cm
490 _aV/10 v.
_v 2°/2
501 _aEdizioni San Paolo srl - Piazza Soncino, 5 - 20092 CINISELLO BALSAMO (MI) (non commercial uses only) ® Copyright 2018
520 _aAA.VV, Ranuccio Bianchi Bandinelli (dir.). Tav.
700 _aRanuccio Bianchi Bandinelli
942 _cBK
957 _71
999 _a3707
_bNO
_g Copie: 1
_c356790
_d356790